000 00306nam a2200145Ia 4500
100 _aMclean W.G./ Nelson/E.W
250 _a3
942 _cBK
654 _aMechanics
245 _aEngineering Mechanics
260 _bMc Graw Hill
_aSingapore
_c1983
300 _a408
546 _aENGLISH
999 _c29049
_d29049